| 000 | 00000nam 2200000za 4500 |
| 001 | 9.807041 |
| 003 | CaOODSP |
| 005 | 20221107140038 |
| 007 | cr ||||||||||| |
| 008 | 160503s2016 qucd ob f000 0 eng d |
| 020 | |a978-0-660-03964-0 |
| 040 | |aCaOODSP|beng |
| 043 | |an-cn--- |
| 086 | 1 |aCH44-156/2015E-PDF |
| 245 | 00|aEconomic impact of audiovisual treaty coproductions and co-ventures in Canada |h[electronic resource]. |
| 260 | |a[Gatineau, Quebec] : |bCanadian Heritage, |cc2016. |
| 300 | |axvii, 142 p. : |bfig., tables |
| 500 | |aIssued also in French under title: Retombées économiques des coproductions audiovisuelles régies par des traités et des coentreprises au Canada. |
| 500 | |a“Submitted to Canadian Heritage by Nordicity in association with Duopoly, March 31, 2015.” |
| 504 | |aIncludes bibliographical references (p. 101). |
| 692 | 07|2gccst|aFilm industry |
| 692 | 07|2gccst|aTelevision |
| 692 | 07|2gccst|aInternational agreements |
| 692 | 07|2gccst|aEconomic impact |
| 710 | 1 |aCanada. |bCanadian Heritage. |
| 775 | 08|tRetombées économiques des coproductions audiovisuelles régies par des traités et des coentreprises au Canada |w(CaOODSP)9.807049 |
| 856 | 40|qPDF|s3.39 MB|uhttps://publications.gc.ca/collections/collection_2016/pch/CH44-156-2015-eng.pdf |